| Поле | Инд. | ПП | Название | Значение |
|---|---|---|---|---|
| Тип записи | a | |||
| Библиографический уровень | b | |||
| 001 | Контрольный номер | RU/IS/BASE/127567479 | ||
| 005 | Дата корректировки | 20200522190819.0 | ||
| 084 | a | Индекс другой классификации/Индекс ББК | 65.261.55 | |
| a | Индекс другой классификации/Индекс ББК | 65.261.5 | ||
| 100 | 1_ | a | Автор | Колосницына М. Г. |
| 245 | a | Заглавие | Экономика общественного сектора: государственные расходы | |
| b | Продолж. заглавия | Лекционные и методические материалы: [Лекции 3, 4, 5] | ||
| 500 | a | Примечание | Начало в № 2, 2003 | |
| 504 | a | Библиография | Лит. | |
| 520 | a | Аннотация | Курс "Государственные расходы" составляет часть общего курса "Экономика общественного сектора" для студентов магистратуры ГУ ВШЭ. В данной статье затронуты конкретные направления государственных расходов в рыночных экономиках - программы социальной помощи и жилищные программы. Последняя лекция посвящена более общей проблеме - росту государственных расходов в экономике | |
| 650 | a | Основная рубрика | государственные финансы | |
| a | Основная рубрика | финансы | ||
| a | Основная рубрика | экономика | ||
| 653 | a | Ключевые слова | бюджет | |
| a | Ключевые слова | валовой внутренний продукт (ВВП) | ||
| a | Ключевые слова | государственное регулирование | ||
| a | Ключевые слова | государственный сектор экономики | ||
| a | Ключевые слова | жилищная рента | ||
| a | Ключевые слова | жилищное субсидирование | ||
| a | Ключевые слова | жилищные программы | ||
| a | Ключевые слова | законы Вагнера | ||
| a | Ключевые слова | Западная Европа | ||
| a | Ключевые слова | интеграция | ||
| a | Ключевые слова | категориальные пособия | ||
| a | Ключевые слова | макроэкономика | ||
| a | Ключевые слова | модель подоходного налога | ||
| a | Ключевые слова | общественный сектор экономики | ||
| a | Ключевые слова | перераспределение доходов | ||
| a | Ключевые слова | подоходный налог | ||
| a | Ключевые слова | расходы государственного бюджета | ||
| a | Ключевые слова | реструктуризация экономики | ||
| a | Ключевые слова | рынок жилья | ||
| a | Ключевые слова | социальная помощь | ||
| a | Ключевые слова | социальные пособия | ||
| a | Ключевые слова | социальные программы | ||
| a | Ключевые слова | жилищное строительство | ||
| a | Ключевые слова | таргетирование | ||
| a | Ключевые слова | теория Пикока-Вайзмана | ||
| a | Ключевые слова | фискальная политика | ||
| a | Ключевые слова | формы государственных расходов | ||
| a | Ключевые слова | централизация власти | ||
| a | Ключевые слова | экономико-политические циклы | ||
| a | Ключевые слова | экономический рост | ||
| a | Ключевые слова | эластичность спроса | ||
| a | Ключевые слова | эффект замещения расходов | ||
| 773 | t | Заглавие источника | Экономический журнал ВШЭ | |
| d | Дата издания источника | 2003 | ||
| g | Прочая информация | Т. 7, № 3. - С. 371 - 401 : граф., табл. | ||
| w | Контрольный № источника | RU/IS/BASE/123688643 | ||
| 901 | t | Тип документа | b |